[Event "UKR-ch"]
[Site "Alushta"]
[Date "2010.05.09"]
[Round "7"]
[White "Dolgopolov, Alexander"]
[Black "Volovikov, Anton"]
[Result "0-1"]
[WhiteElo "2283"]
[BlackElo "2314"]
[PlyCount "64"]
[EventDate "2010.05.03"]
[EventType "swiss"]
[EventRounds "9"]
[EventCountry "UKR"]
[SourceTitle "CBM 136 Extra"]
[Source "ChessBase"]
[SourceDate "2010.07.02"]
[SourceVersion "2"]
[SourceVersionDate "2010.07.15"]
[SourceQuality "1"]

1. Nf3 d5 2. e3 Bg4 3. c4 c6 4. cxd5 cxd5 5. Qb3 Qc7 6. Nc3 Bxf3 7. gxf3 e6 8. d4 Nc6 9. Bd2 a6 10. Rc1 Bd6 11. Na4 Nge7 12. Qb6 Qc8 13. Bd3 0-0 14. f4 f6 15. Qb3 Rb8 16. f5 exf5 17. f4 Qe8 18. Nb6 Kh8 19. 0-0 Rd8 20. Na4 g5 21. Kh1 gxf4 22. Nc5 fxe3 23. Bxe3 Bxh2 24. Qd1 Bb8 25. Ne6 Rg8 26. Qf3 Rg3 27. Qe2 Rh3+ 28. Kg1 Qg6+ 29. Bg5 Rg8 30. Rf2 Nxd4 31. Nxd4 Qxg5+ 32. Rg2 Qxc1+ 0-1

[Event "UKR-ch"]
[Site "Alushta"]
[Date "2010.05.04"]
[Round "2"]
[White "Dolgopolov, Alexander"]
[Black "Dhillon, Jasteen"]
[Result "1-0"]
[WhiteElo "2283"]
[BlackElo "1948"]
[PlyCount "67"]
[EventDate "2010.05.03"]
[EventType "swiss"]
[EventRounds "9"]
[EventCountry "UKR"]
[SourceTitle "CBM 136 Extra"]
[Source "ChessBase"]
[SourceDate "2010.07.02"]
[SourceVersion "2"]
[SourceVersionDate "2010.07.15"]
[SourceQuality "1"]

1. Nf3 Nf6 2. c4 g6 3. Nc3 d5 4. Qa4+ Bd7 5. Qb3 dxc4 6. Qxc4 Bg7 7. e4 0-0 8. e5 Ne8 9. d4 Na6 10. Bg5 h6 11. Bh4 g5 12. Bg3 c6 13. h4 g4 14. Nh2 Bf5 15. Rd1 b5 16. Qe2 Nb4 17. Rd2 h5 18. Bf4 Nc7 19. g3 Nbd5 20. Nxd5 Qxd5 21. f3 gxf3 22. Nxf3 Bg4 23. Bg2 Ne6 24. Be3 Rfd8 25. 0-0 Rac8 26. Qf2 Qxa2 27. Nh2 Nc7 28. Nxg4 hxg4 29. Bxc6 Qe6 30. Be4 Rb8 31. Rc2 Nd5 32. Rc6 Qxc6 33. Qxf7+ Kh8 34. Qh5+ 1-0

[Event "UKR-ch"]
[Site "Alushta"]
[Date "2010.05.03"]
[Round "1"]
[White "Roschupkin, Volodymyr"]
[Black "Dolgopolov, Alexander"]
[Result "1/2-1/2"]
[WhiteElo "1961"]
[BlackElo "2283"]
[PlyCount "100"]
[EventDate "2010.05.03"]
[EventType "swiss"]
[EventRounds "9"]
[EventCountry "UKR"]
[SourceTitle "CBM 136 Extra"]
[Source "ChessBase"]
[SourceDate "2010.07.02"]
[SourceVersion "2"]
[SourceVersionDate "2010.07.15"]
[SourceQuality "1"]

1. d4 Nf6 2. c4 e6 3. Nf3 Bb4+ 4. Bd2 a5 5. g3 b6 6. Bg2 Bb7 7. 0-0 0-0 8. a3 Be7 9. Nc3 Ne4 10. Be1 Nxc3 11. Bxc3 d6 12. Qc2 f5 13. Ne1 Qc8 14. e4 c5 15. exf5 exf5 16. d5 f4 17. Qe4 Bg5 18. Nf3 Bh6 19. Qe7 Qd7 20. Rfe1 fxg3 21. fxg3 Bc8 22. Qxd7 Bxd7 23. Re7 Rf7 24. Rxf7 Kxf7 25. h4 Na6 26. Ng5+ Bxg5 27. hxg5 Re8 28. Rf1+ Kg8 29. Rf4 Re2 30. Kf1 Re7 31. Kf2 a4 32. Bf3 b5 33. cxb5 Bxb5 34. Bg4 Nc7 35. Bf3 Be8 36. Ba5 Nb5 37. Re4 Kf8 38. Rxa4 Nd4 39. Rc4 Rf7 40. Rc3 Rf5 41. g4 Rxg5 42. Bd8 Re5 43. Bc7 Nb5 44. Rxc5 Ke7 45. Rc4 Bf7 46. Bb6 Bxd5 47. Bxd5 Rxd5 48. a4 Rd2+ 49. Ke3 Rxb2 50. axb5 Rxb5 1/2-1/2

[Event "UKR-ch"]
[Site "Alushta"]
[Date "2009.05.18"]
[Round "8"]
[White "Dolgopolov, Alexander"]
[Black "Cherednichenko, Svetlana"]
[Result "1-0"]
[WhiteElo "2268"]
[BlackElo "2361"]
[PlyCount "87"]
[EventDate "2009.05.11"]
[EventType "swiss"]
[EventRounds "9"]
[EventCountry "UKR"]
[SourceTitle "CBM 130 Extra"]
[Source "ChessBase"]
[SourceDate "2009.07.02"]
[SourceVersion "2"]
[SourceVersionDate "2009.07.15"]
[SourceQuality "1"]

1. d4 Nf6 2. Nf3 g6 3. c4 Bg7 4. Nc3 0-0 5. e4 d6 6. Be2 e5 7. 0-0 Nc6 8. d5 Ne7 9. b4 Nh5 10. Re1 f5 11. Ng5 Nf6 12. Bf3 h6 13. Ne6 Bxe6 14. dxe6 Nc6 15. Nd5 Re8 16. b5 Nd4 17. e7 Qc8 18. exf5 Nxf3+ 19. Qxf3 gxf5 20. Bxh6 Kf7 21. Bg5 c6 22. bxc6 bxc6 23. Bxf6 Bxf6 24. Qh5+ Ke6 25. Ne3 Rg8 26. Qxf5+ Kxe7 27. Qh7+ Kf8 28. Rad1 Rh8 29. Qg6 Qe6 30. Nf5 Rd8 31. f4 Rg8 32. Rxe5 Qxe5 33. Qxg8+ Kxg8 34. fxe5 dxe5 35. Rxd8+ Bxd8 36. Kf2 Kf7 37. Kf3 Kf6 38. Ke4 Bb6 39. h4 Ba5 40. Ne3 Bc3 41. Ng4+ Ke6 42. h5 c5 43. h6 Kf7 44. Nxe5+ 1-0

[Event "UKR-ch"]
[Site "Alushta"]
[Date "2009.05.14"]
[Round "4"]
[White "Dolgopolov, Alexander"]
[Black "Loy, Konstantin"]
[Result "1/2-1/2"]
[WhiteElo "2268"]
[BlackElo "2123"]
[PlyCount "75"]
[EventDate "2009.05.11"]
[EventType "swiss"]
[EventRounds "9"]
[EventCountry "UKR"]
[SourceTitle "CBM 130 Extra"]
[Source "ChessBase"]
[SourceDate "2009.07.02"]
[SourceVersion "2"]
[SourceVersionDate "2009.07.15"]
[SourceQuality "1"]

1. Nf3 Nf6 2. c4 c5 3. d4 cxd4 4. Nxd4 Nc6 5. Nc3 g6 6. g3 Bg7 7. Bg2 0-0 8. 0-0 d6 9. b3 Nxd4 10. Qxd4 Bf5 11. Qe3 Ne4 12. Bb2 Nxc3 13. Bxc3 Bxc3 14. Qxc3 Qc7 15. Qd4 Bd7 16. Rfc1 Bc6 17. c5 Bxg2 18. cxd6 Qxd6 19. Qxd6 exd6 20. Kxg2 Rac8 21. Kf3 f5 22. Ke3 Kf7 23. Kd4 Ke6 24. h4 h5 25. e3 Rfe8 26. Kd3 Kd5 27. Rxc8 Rxc8 28. Rg1 b5 29. f3 b4 30. Re1 Rc3+ 31. Kd2 Ke5 32. Rg1 d5 33. Rd1 a5 34. Rc1 Rxc1 35. Kxc1 d4 36. exd4+ Kxd4 37. Kd2 Ke5 38. Ke3 1/2-1/2

[Event "UKR-ch"]
[Site "Alushta"]
[Date "2009.05.13"]
[Round "3"]
[White "Berezka, Alexandr"]
[Black "Dolgopolov, Alexander"]
[Result "1/2-1/2"]
[WhiteElo "2150"]
[BlackElo "2268"]
[PlyCount "127"]
[EventDate "2009.05.11"]
[EventType "swiss"]
[EventRounds "9"]
[EventCountry "UKR"]
[SourceTitle "CBM 130 Extra"]
[Source "ChessBase"]
[SourceDate "2009.07.02"]
[SourceVersion "2"]
[SourceVersionDate "2009.07.15"]
[SourceQuality "1"]

1. e4 c5 2. Nf3 d6 3. d4 cxd4 4. Nxd4 Nf6 5. Nc3 a6 6. Be2 e5 7. Nb3 Be7 8. a4 0-0 9. 0-0 b6 10. Be3 Nbd7 11. Qd2 Bb7 12. f3 Qc7 13. Rfd1 Rfd8 14. Bf1 Nc5 15. Qf2 h6 16. Rd2 Bf8 17. Qh4 Ncd7 18. Qf2 Rac8 19. Be2 Nc5 20. Rad1 Re8 21. Qf1 Ra8 22. Bc4 Rec8 23. Be2 Qc6 24. Ra1 Qe8 25. Bc4 Ncd7 26. Nc1 Rc7 27. N1a2 Qc8 28. b3 d5 29. exd5 Ne8 30. Nd1 Nd6 31. Nb2 b5 32. Bd3 Bxd5 33. Nb4 Be6 34. axb5 axb5 35. Rdd1 Nf6 36. Rxa8 Qxa8 37. Ra1 Qc8 38. Bb6 Rb7 39. Bf2 e4 40. Be2 Qc3 41. fxe4 Qxb4 42. e5 Nde4 43. Nd3 Qc3 44. exf6 Qxc2 45. fxg7 Bxg7 46. Bd1 Qd2 47. Ra8+ Kh7 48. Bf3 f5 49. Re8 Bd5 50. Bxe4 fxe4 51. Nc5 Rf7 52. Nxe4 Qc2 53. Qe1 Bxb3 54. Ng3 Bc4 55. Qe4+ Qxe4 56. Nxe4 Rd7 57. Bc5 Bd3 58. Kf2 Kg6 59. Ke3 h5 60. Nd6 Bc4 61. Nxc4 bxc4 62. Re6+ Kf7 63. Rd6 Re7+ 64. Kd2 1/2-1/2

[Event "UKR-ch sf"]
[Site "Alushta"]
[Date "2008.05.19"]
[Round "9"]
[White "Veremiy, Bogdan"]
[Black "Dolgopolov, Alexander"]
[Result "0-1"]
[WhiteElo "2206"]
[BlackElo "2274"]
[PlyCount "80"]
[EventDate "2008.05.10"]
[EventType "swiss"]
[EventRounds "9"]
[EventCountry "UKR"]
[SourceTitle "CBM 124 Extra"]
[Source "ChessBase"]
[SourceDate "2008.07.03"]
[SourceVersion "1"]
[SourceVersionDate "2008.07.03"]
[SourceQuality "1"]

1. e4 c5 2. Nf3 d6 3. d4 Nf6 4. Nc3 cxd4 5. Nxd4 a6 6. f3 e5 7. Nb3 Be6 8. Be3 Be7 9. Qd2 Nbd7 10. 0-0-0 0-0 11. g4 b5 12. g5 b4 13. Ne2 Ne8 14. h4 a5 15. Kb1 a4 16. Nbc1 Qa5 17. Ng3 Nc7 18. Nf5 Bxf5 19. exf5 d5 20. f6 gxf6 21. gxf6 Bxf6 22. Qg2+ Kh8 23. Qg4 Nb5 24. Qxd7 Na3+ 25. bxa3 bxa3 26. Qc6 Bg7 27. Qc5 Rab8+ 28. Nb3 Qa8 29. Bb5 d4 30. Bxa4 Rfc8 31. Qe7 dxe3 32. Bd7 e2 33. Rdg1 Rxb3+ 34. axb3 e1Q+ 35. Rxe1 a2+ 36. Kb2 e4+ 37. c3 Bxc3+ 38. Kc2 Bf6+ 39. Bxc8 Qxc8+ 40. Kd2 Qc3+ 0-1

[Event "Vitebsky Memorial"]
[Site "Kurgan"]
[Date "2001.??.??"]
[Round "10"]
[White "Zhidkov, Valery S"]
[Black "Dolgopolov, Alexander"]
[Result "1/2-1/2"]
[WhiteElo "2385"]
[BlackElo "2274"]
[PlyCount "31"]
[EventDate "2001.??.??"]
[EventType "tourn"]
[EventRounds "11"]
[EventCountry "RUS"]
[EventCategory "5"]
[SourceTitle "EXT 2006"]
[Source "ChessBase"]
[SourceDate "2005.11.24"]
[SourceVersion "1"]
[SourceVersionDate "2005.11.24"]
[SourceQuality "1"]

1. d4 Nf6 2. Nf3 g6 3. c4 Bg7 4. g3 0-0 5. Bg2 c6 6. 0-0 d5 7. cxd5 cxd5 8. Ne5 e6 9. Nc3 Nfd7 10. Nxd7 Bxd7 11. b3 Nc6 12. e3 Re8 13. Bb2 Rc8 14. Qd2 Qa5 15. Rfc1 Bf8 16. a3 1/2-1/2